000 005610000a22001810004500
003 MACL
005 20160607154420.0
008 160607b xxu||||| |||| 00| 0 eng d
040 _aMACL
_cMACL
041 _aHindi
082 _a920 TAN
100 _aटण्‍डन, लालजी
_962780
245 _aसतह से शिखर तक
_cलालजी टण्‍डन
260 _bप्रभात प्रकाशन
_c2004
_aनई दिल्‍ली
350 _a400
650 _aBiography
_962781
942 _cHIN
_k920/TAN
_2ddc
999 _c19459
_d19459